All part of the plan (Record no. 70054)
[ view plain ]
| 000 -LEADER | |
|---|---|
| fixed length control field | 01094cam a2200229 4500 |
| 001 - CONTROL NUMBER | |
| control field | ABS65435 |
| 008 - FIXED-LENGTH DATA ELEMENTS--GENERAL INFORMATION | |
| fixed length control field | 020424n2002 000 0 eng u |
| 035 ## - SYSTEM CONTROL NUMBER | |
| System control number | (Sirsi) u117652 |
| 100 ## - MAIN ENTRY--PERSONAL NAME | |
| Personal name | Ellison, W |
| 245 ## - TITLE STATEMENT | |
| Title | All part of the plan |
| 260 ## - PUBLICATION, DISTRIBUTION, ETC. | |
| Date of publication, distribution, etc. | 2002 |
| 490 ## - SERIES STATEMENT | |
| Series statement | Estates Gazette |
| Volume/sequential designation | (0215) 13 April 2002, 122-123(2) |
| 520 ## - SUMMARY, ETC. | |
| Summary, etc. | Discusses the recent trend of surveying firms widening their range of services by employing in-house architects. Provides accounts from surveyors and architects on the advantages and practicalities of combining architecture with surveying. While some believe that the best way to satisfy client's needs is to have fully functioning architects in house, others argue that clients are better off assembling their own team and see in-house architects fulfilling a more limited role. |
| 590 ## - LOCAL NOTE (RLIN) | |
| Local note | ABS |
| 650 ## - SUBJECT ADDED ENTRY--TOPICAL TERM | |
| Topical term or geographic name entry element | SURVEYING FIRMS |
| 650 ## - SUBJECT ADDED ENTRY--TOPICAL TERM | |
| Topical term or geographic name entry element | ARCHITECTURE |
| 650 ## - SUBJECT ADDED ENTRY--TOPICAL TERM | |
| Topical term or geographic name entry element | ARCHITECTS |
| 650 ## - SUBJECT ADDED ENTRY--TOPICAL TERM | |
| Topical term or geographic name entry element | BUILT ENVIRONMENT-CONSTRUCTION DESIGN |
| 650 ## - SUBJECT ADDED ENTRY--TOPICAL TERM | |
| Topical term or geographic name entry element | SURVEYING SERVICES |
| 690 ## - LOCAL SUBJECT ADDED ENTRY--TOPICAL TERM (OCLC, RLIN) | |
| Topical term or geographic name as entry element | MANAGEMENT-BUSINESS MANAGEMENT-PROFESSIONAL PRACTICE |
| 942 ## - ADDED ENTRY ELEMENTS (KOHA) | |
| Suppress in OPAC | 0 |
| Withdrawn status | Lost status | Source of classification or shelving scheme | Damaged status | Not for loan | Home library | Current library | Shelving location | Date acquired | Total Checkouts | Full call number | Barcode | Date last seen | Copy number | Price effective from | Koha item type |
|---|---|---|---|---|---|---|---|---|---|---|---|---|---|---|---|
| Dewey Decimal Classification | London | London | Journal article | 24/04/2002 | ABS65435 | 117652-1001 | 06/08/2019 | 1 | 06/08/2019 | Journal article |